|
|
|
|
| LEADER |
00000nam a2200000 a 4500 |
| 001 |
UCN0791 |
| 003 |
CL-VaPUC |
| 008 |
010330e19920000SP |||||||||||||||||spa|d |
| 082 |
0 |
4 |
|a 621.313
|b KOS
|2 21
|
| 100 |
|
|
|a Kosow, Irving L
|e author
|9 456016
|
| 245 |
1 |
0 |
|a Máquinas eléctricas y transformadores
|
| 300 |
|
|
|a 727 p
|
| 942 |
|
|
|c BK
|
| 945 |
|
|
|d 20010330 00:00:00
|a vberengu
|
| 260 |
|
|
|a Barcelona
|b Reverté
|c 1992
|
| 650 |
|
0 |
|a Convertidores
|9 348439
|
| 650 |
|
0 |
|a Equipo eléctrico
|9 345678
|
| 650 |
|
0 |
|a Máquinas eléctricas
|9 260079
|
| 650 |
|
0 |
|a Motores eléctricos
|9 260085
|
| 650 |
|
0 |
|a Transformadores
|9 345471
|
| 650 |
|
0 |
|a Transformadores eléctricos
|9 263198
|
| 583 |
|
|
|a last modification
|c 20010330 00:00:00
|k Rodrigo Vera
|
| 999 |
|
|
|c 294416
|d 294414
|